[Event "Belgrade-chT2 Quality"]
[Site "Belgrade"]
[Date "2022.10.23"]
[Round "4.6"]
[White "Kukic, Boris"]
[Black "Veselinovic, Luka"]
[Result "1-0"]
[WhiteElo "1972"]
[BlackElo "1569"]
[PlyCount "36"]
[EventDate "2022.10.15"]
[EventType "team-tourn"]
[EventRounds "13"]
[EventCountry "SRB"]
[SourceTitle "EXT 2024"]
[Source "ChessBase"]
[SourceDate "2023.10.10"]
[SourceVersion "1"]
[SourceVersionDate "2023.10.10"]
[SourceQuality "1"]
[WhiteTeam "Zvezdara Cirilo i Metodije"]
[BlackTeam "Batajnica"]
[WhiteTeamCountry "SRB"]
[BlackTeamCountry "SRB"]

1. e4 c5 2. Nf3 e6 3. c3 Nf6 4. e5 Nd5 5. d4 cxd4 6. cxd4 d6 7. Nc3 Bd7 8. Bc4 Nxc3 9. bxc3 Qc7 10. Qb3 Nc6 11. exd6 Bxd6 12. Bd3 Rc8 13. Bd2 Na5 14. Qc2 Nc4 15. 0-0 Nxd2 16. Qxd2 Qxc3 17. Qe2 0-0 18. h4 Bc6 1-0

[Event "Veliko Gradiste Silver Lake op-A"]
[Site "Veliko Gradiste"]
[Date "2017.06.20"]
[Round "4"]
[White "Radovic, Stefan"]
[Black "Kukic, Boris"]
[Result "1/2-1/2"]
[WhiteElo "2091"]
[BlackElo "2042"]
[PlyCount "142"]
[EventDate "2017.06.18"]
[EventType "swiss"]
[EventRounds "9"]
[EventCountry "SRB"]
[SourceTitle "CBM 179 Extra"]
[Source "ChessBase"]
[SourceDate "2017.08.23"]
[SourceVersion "1"]
[SourceVersionDate "2017.08.23"]
[SourceQuality "1"]

1. Nf3 Nf6 2. c4 c5 3. g3 Nc6 4. Nc3 e6 5. Bg2 d5 6. cxd5 exd5 7. d4 h6 8. 0-0 Be7 9. Be3 c4 10. b3 cxb3 11. Qxb3 0-0 12. Ne5 Na5 13. Qb2 Bf5 14. Rac1 a6 15. Bd2 Rb8 16. Na4 Bd6 17. Nb6 Nc6 18. Nxd5 Bxe5 19. dxe5 Nxd5 20. e4 Bxe4 21. Bxe4 Nde7 22. Bf4 Ng6 23. Bxg6 fxg6 24. e6 Rxf4 25. gxf4 Qd6 26. Qb3 Re8 27. Qxb7 Rxe6 28. Rfd1 Qxf4 29. Qc8+ Kf7 30. Rd7+ Ne7 31. Qc4 g5 32. Qxf4+ gxf4 33. Kg2 g5 34. Kf3 Kf6 35. Rc5 Ng6 36. Rdd5 Nh4+ 37. Kg4 Kg6 38. Re5 Rb6 39. Rc3 h5+ 40. Kh3 Nf5 41. f3 Ne3 42. Rcc5 g4+ 43. fxg4 hxg4+ 44. Kh4 Rb2 45. Rc6+ Kf7 46. Kg5 Nf1 47. Rc7+ Kf8 48. Kxg4 Nxh2+ 49. Kxf4 Rxa2 50. Rh5 Kg8 51. Rd5 Ra4+ 52. Kg3 Nf1+ 53. Kf2 Rf4+ 54. Ke1 Ne3 55. Rd8+ Rf8 56. Rdd7 Nf5 57. Ra7 Re8+ 58. Kd2 a5 59. Rxa5 Ne7 60. Re5 Kf7 61. Rh5 Kg6 62. Ra5 Nf5 63. Kd3 Re3+ 64. Kd2 Re6 65. Rad5 Kf6 66. Rd8 Kg6 67. Rg8+ Kf7 68. Rgd8 Kg6 69. Kd3 Re3+ 70. Kc4 Re1 71. Rg8+ Kf7 1/2-1/2

[Event "Veliko Gradiste Silver Lake op-A"]
[Site "Veliko Gradiste"]
[Date "2017.06.19"]
[Round "2"]
[White "Kiremitciyan, Ari"]
[Black "Kukic, Boris"]
[Result "1-0"]
[WhiteElo "2210"]
[BlackElo "2042"]
[PlyCount "97"]
[EventDate "2017.06.18"]
[EventType "swiss"]
[EventRounds "9"]
[EventCountry "SRB"]
[SourceTitle "EXT 2018"]
[Source "ChessBase"]
[SourceDate "2017.10.13"]
[SourceVersion "1"]
[SourceVersionDate "2017.10.13"]
[SourceQuality "1"]

1. Nf3 d5 2. c4 c6 3. e3 Nf6 4. Nc3 g6 5. d4 Bg7 6. h3 b6 7. Be2 0-0 8. 0-0 Re8 9. Bd2 Bb7 10. Qb3 dxc4 11. Bxc4 e6 12. e4 Nbd7 13. e5 Nd5 14. Ne4 Qc7 15. Nd6 Rf8 16. Rac1 c5 17. Ng5 a6 18. a4 Rab8 19. Qf3 Bc6 20. Ndxf7 Rbe8 21. Qg4 Rxf7 22. Nxe6 Qb7 23. Ng5 Nf8 24. Nxf7 Qxf7 25. dxc5 bxc5 26. f4 Kh8 27. b3 Qe6 28. Qxe6 Nxe6 29. Bxa6 Bf8 30. a5 Nd4 31. Bc4 Nf5 32. Kf2 Nc7 33. g4 Nd4 34. Kg3 Bd5 35. Rb1 Be4 36. Rbe1 Bd5 37. Re3 Bh6 38. Bc3 Rb8 39. Bxd4 cxd4 40. Rd3 Bxc4 41. bxc4 Ne6 42. a6 Ra8 43. Ra3 Nc5 44. a7 Bf8 45. Rb1 d3 46. Rb8 d2 47. Ra1 Rxa7 48. Rxa7 Ne6 49. Rd7 1-0